Conflictos socioambientales y recursos hídricos en Guanacaste: una descripción desde el cambio en el estilo de desarrollo (1997-2006) /
محفوظ في:
| المؤلف الرئيسي: | |
|---|---|
| التنسيق: | نص |
| اللغة: | Spanish |
| الوسوم: |
إضافة وسم
لا توجد وسوم, كن أول من يضع وسما على هذه التسجيلة!
|
MARC
| LEADER | 00000 a a2200000 04500 | ||
|---|---|---|---|
| 001 | 40086 | ||
| 003 | cru CRAI/IIS | ||
| 005 | 20210310090503.0 | ||
| 008 | 210305b ||||| |||| 00| 0 spa d | ||
| 040 | |c cru CRAI/IIS | ||
| 100 | |a Ramírez Cover, Alonso | ||
| 245 | |a Conflictos socioambientales y recursos hídricos en Guanacaste: |b una descripción desde el cambio en el estilo de desarrollo (1997-2006) / |c Alonso Ramírez Cover | ||
| 773 | |g volumen33 ( 2007), 359-385 : tablas, gráficos, mapas | ||
| 773 | 0 | |0 18765 |9 5217 |a Universidad de Costa Rica. |d San José, Costa Rica: Editorial Universidad de Costa Rica, 1974- |o 09560 |t Anuario de Estudios Centroamericanos / |x 03777316 | |
| 942 | |2 ddc |c PP | ||
| 999 | |c 34950 |d 34950 | ||
